SCE Library
  • Lists
    Public lists NEW ARRIVALS 2026 PGDE Programme PgCCP PgCHE M.Ed (Science) New Books on Mindfulness New List Books donated by Bhutan Society for the UK Trust Fund Books Donated by Consulate General of India Phuentsholing PGCERT View all
    Your lists Log in to create your own lists
  • Log in to your account
  • Your cookies
  • Search history
  • Clear

About Us
Library Rules
Membership
Collection
Code of Conduct
  • Advanced search
  • Course reserves
  • Tag cloud
  • Libraries
  • Log in to your account

    1. Home
    2. MARC view: Learning and language in the classroom :
    Normal view MARC view ISBD view

    Learning and language in the classroom : (Record no. 14095)

    [ view plain ]
    MARC details
    000 -LEADER
    fixed length control field 00789nam a22002417a 4500
    001 - CONTROL NUMBER
    control field D-628
    003 - CONTROL NUMBER IDENTIFIER
    control field BT-SaRUSC
    005 - DATE AND TIME OF LATEST TRANSACTION
    control field 20180919133125.0
    008 - FIXED-LENGTH DATA ELEMENTS--GENERAL INFORMATION
    fixed length control field 131225b xxu||||| |||| 00| 0 eng d
    020 ## - INTERNATIONAL STANDARD BOOK NUMBER
    International Standard Book Number 0-08-031306-X
    082 04 - DEWEY DECIMAL CLASSIFICATION NUMBER
    Classification number 370.1523
    Item number CHI
    100 1# - MAIN ENTRY--PERSONAL NAME
    Personal name Chilver Peter.
    245 10 - TITLE STATEMENT
    Title Learning and language in the classroom :
    Remainder of title Discursive talking and writing across the curriculum /
    Statement of responsibility, etc Peter Chilver and Gerard Gould.
    260 ## - PUBLICATION, DISTRIBUTION, ETC. (IMPRINT)
    Place of publication, distribution, etc Oxford :
    Name of publisher, distributor, etc Pergamon Press,
    Date of publication, distribution, etc 1982.
    300 ## - PHYSICAL DESCRIPTION
    Extent 153 p. :
    Other physical details ill. ;
    Dimensions 22 cm.
    504 ## - BIBLIOGRAPHY, ETC. NOTE
    Bibliography, etc Includes bibliographical references and index.
    650 10 - SUBJECT ADDED ENTRY--TOPICAL TERM
    Topical term or geographic name as entry element Forums (Discussion and debate)
    650 10 - SUBJECT ADDED ENTRY--TOPICAL TERM
    Topical term or geographic name as entry element Language arts (Elementary)
    650 10 - SUBJECT ADDED ENTRY--TOPICAL TERM
    Topical term or geographic name as entry element Language and education
    700 1# - ADDED ENTRY--PERSONAL NAME
    Personal name Gould Gerard.
    942 ## - ADDED ENTRY ELEMENTS (KOHA)
    Koha item type Books
    Holdings
    Withdrawn status Lost status Source of classification or shelving scheme Damaged status Not for loan Collection code Home library Current library Shelving location Date acquired Inventory number Total Checkouts Full call number Barcode Date last seen Date checked out Price effective from Koha item type
        Dewey Decimal Classification     Non-fiction Samtse College of Education Samtse College of Education General Stacks 25/12/2013 D-628 1 370.1523 CHI A12180 24/07/2018 24/07/2018 25/12/2013 Books
    • Place hold
    • Print
    • Save record
      BIBTEX Dublin Core MARCXML MARC (non-Unicode/MARC-8) MARC (Unicode/UTF-8) MARC (Unicode/UTF-8, Standard) MODS (XML) RIS
    • More searches
      Search for this title in:
      Other Libraries (WorldCat) Other Databases (Google Scholar) Online Stores (Bookfinder.com) ebook (library genesis)

    Exporting to Dublin Core...




    Maintained by Academic Resource Center, Samtse College of Education